Kenzo : (Record no. 185888)
[ view plain ]
| 000 -LEADER | |
|---|---|
| fixed length control field | 00432cam6a220018100 4500 |
| 001 - CONTROL NUMBER | |
| control field | tmp15950281 |
| 003 - CONTROL NUMBER IDENTIFIER | |
| control field | UPRA |
| 005 - DATE AND TIME OF LATEST TRANSACTION | |
| control field | 20190830104432.0 |
| 008 - FIXED-LENGTH DATA ELEMENTS--GENERAL INFORMATION | |
| fixed length control field | 951115s1985 at eng u |
| 020 ## - INTERNATIONAL STANDARD BOOK NUMBER | |
| International Standard Book Number | 0140077073 |
| 035 ## - SYSTEM CONTROL NUMBER | |
| System control number | (Sirsi) r25703 |
| 050 ## - LIBRARY OF CONGRESS CALL NUMBER | |
| Classification number | PL 848.A8 DAV 1985 |
| 100 1# - MAIN ENTRY--PERSONAL NAME | |
| Personal name | Davy, Ross |
| 245 10 - TITLE STATEMENT | |
| Title | Kenzo : |
| Remainder of title | a Tokyo story |
| 260 ## - PUBLICATION, DISTRIBUTION, ETC. | |
| Place of publication, distribution, etc. | Victoria, Australia : |
| Name of publisher, distributor, etc. | Penguin, |
| Date of publication, distribution, etc. | 1985 |
| 300 ## - PHYSICAL DESCRIPTION | |
| Extent | 167p. |
| 650 ## - SUBJECT ADDED ENTRY--TOPICAL TERM | |
| Topical term or geographic name entry element | |
No items available.